Restructuring in the New EU Member States : (Record no. 615298)

MARC details
000 -LEADER
fixed length control field 00523nam a2200193 a 4500
008 - FIXED-LENGTH DATA ELEMENTS--GENERAL INFORMATION
fixed length control field 260221s2008##################000#0#eng##
020 ## - INTERNATIONAL STANDARD BOOK NUMBER
ISBN 9789052014562
082 04 - DEWEY DECIMAL CLASSIFICATION NUMBER
Classification number 338.6094
Item number MOR
100 1# - MAIN ENTRY--AUTHOR NAME
Personal name Moreau, Marie-Ange,
245 10 - TITLE STATEMENT
Title Restructuring in the New EU Member States :
260 ## - PUBLICATION, DISTRIBUTION, ETC. (IMPRINT)
Name of publisher Peter Lang,
Year of publication 2008.
300 ## - PHYSICAL DESCRIPTION
Number of Pages 236 pages
650 #0 - SUBJECT ADDED ENTRY--TOPICAL TERM
Topical Term Business & Economics.
942 ## - ADDED ENTRY ELEMENTS (KOHA)
Koha item type English Books
Holdings
Withdrawn status Lost status Damaged status Not for loan Home library Current library Shelving location Date acquired Full call number Accession Number Price effective from Koha item type
        Anna Centenary Library Anna Centenary Library 4TH FLOOR, A WING 21.02.2026 338.6094 MOR 217468 21.02.2026 English Books

Find us on the map